Curso básico de variable compleja /
Se aborda en esta obra la variable compleja que es el área central de la matemática aplicada y teórica y que tiene importantes aplicaciones en la física. Contenido: 1) Fundamentos y analiticidad; 2) Integración; 3) Series y aplicaciones.
保存先:
| 第一著者: | |
|---|---|
| フォーマット: | 図書 |
| 言語: | スペイン語 |
| 出版事項: |
México :
UNAM, Facultad de Ciencias,
2007, c2007
|
| シリーズ: | (Las Prensas de Ciencias)
|
| 主題: | |
| タグ: |
タグなし, このレコードへの初めてのタグを付けませんか!
|
MARC
| LEADER | 00000nam^a2200000^a^4500 | ||
|---|---|---|---|
| 001 | 000297171 | ||
| 005 | 20250521000000.0 | ||
| 009 | 20260310112330.796 | ||
| 020 | |a 978-970-32-5043-1 | ||
| 037 | |a Acervo ITESO - Biblioteca | ||
| 041 | |a ESP | ||
| 082 | |a 515. 9 |b LAS | ||
| 100 | |a Lascuráin Orive, Antonio |e (autor) | ||
| 245 | 1 | 0 | |a Curso básico de variable compleja / |c A. Lascuráin Orive. |
| 264 | 4 | |a México : |b UNAM, Facultad de Ciencias, |c 2007, c2007 | |
| 300 | |a VI, 207 p. | ||
| 336 | |a texto |b txt |2 rdacontenido | ||
| 337 | |a sin mediación |b n |2 rdamedio | ||
| 338 | |a volumen |b nc |2 rdasoporte | ||
| 440 | 5 | |a (Las Prensas de Ciencias) | |
| 520 | |a Se aborda en esta obra la variable compleja que es el área central de la matemática aplicada y teórica y que tiene importantes aplicaciones en la física. Contenido: 1) Fundamentos y analiticidad; 2) Integración; 3) Series y aplicaciones. | ||
| 649 | |a XX | ||
| 650 | |a Teorema de Cauchy | ||
| 650 | |a Funciones de Variables Complejas - |x Tema Principal | ||
| 650 | |a Análisis Matemático | ||
| 650 | |a Matemáticas | ||
| 910 | |a Fondo General | ||
| 920 | |a Impresos - Libros | ||
| 930 | |a Colección General | ||
| 905 | |a 101 | ||
| 901 | |a 0500182840 |b IT1 |c ACC |i C122767 |u 20250521 | ||
| 902 | |a https://opac.biblio.iteso.mx/vufind/Record/000297171 | ||